Statistics for Team North America

Click here to take the quiz!

General Stats

  • This quiz has been taken 12 times
  • The average score is 16 of 23

Answer Stats

Position Number Team Player % Correct
Foward97EdmontonConnor McDavid
100%
Foward34ZSC LionsAuston Matthews
89%
Goalie30PittsburghMatt Murray
78%
Defense53PhiladelphiaShayne Gostisbehere
78%
Foward15BuffaloJack Eichel
78%
Foward13CalgaryJohnny Gaudreau
78%
Foward71DetroitDylan Larkin
78%
Goalie36AnahiemJohn Gibson
78%
Foward23CalgarySean Monahan
78%
Foward93EdmontonRyan Nugent Hopkins
78%
Defense27ColumbusRyan Murray
78%
Defense5FloridaAaron Ekblad
78%
Defense8WinnipegJacob Trouba
67%
Defense44TorontoMorgan Rielly
67%
Foward14PhiladelphiaSean Couturier
67%
Defense3ColumbusSeth Jones
67%
Foward29ColoradoNathan MacKinnon
67%
Foward27Tampa BayJonathan Drouin
56%
Goalie30WinnipegConnor Hellebuyck
56%
Foward20ColumbusBrandon Saad
56%
Foward55WinnipegMark Scheifele
44%
Defense55St LouisColton Parayko
44%
Foward10RangersJT Miller
44%

Score Distribution

Percentile by Number Answered

Percent of People with Each Score

Your Score History

You have not taken this quiz